Central Library and Information Centre
Sibsagar Girls' College, Sivasagar : Assam

PHYSICS (Record no. 4012)

MARC details
000 -LEADER
fixed length control field 00404cam a2200181ua 4500
008 - FIXED-LENGTH DATA ELEMENTS--GENERAL INFORMATION
fixed length control field 131211n1989 II |||gr||||Z||||||eng
040 ## - CATALOGING SOURCE
Original cataloging agency MAIN
041 ## - LANGUAGE CODE
-- English
082 ## - DEWEY DECIMAL CLASSIFICATION NUMBER
Classification number 530 RES
100 ## - MAIN ENTRY--PERSONAL NAME
Personal name RESNICK, ROBERT.
245 ## - TITLE STATEMENT
Title PHYSICS
260 ## - PUBLICATION, DISTRIBUTION, ETC.
Place of publication, distribution, etc. NEW DELHI
Name of publisher, distributor, etc. WILLEY EASTERN LTD.
Date of publication, distribution, etc. 1989
300 ## - PHYSICAL DESCRIPTION
Extent 646:
Dimensions 24CM.
700 ## - ADDED ENTRY--PERSONAL NAME
Personal name HAILIDAY, DAVID.
942 ## - ADDED ENTRY ELEMENTS (KOHA)
Koha item type Books
653 ## - INDEX TERM--UNCONTROLLED
Uncontrolled term Physics
Holdings
Withdrawn status Lost status Damaged status Not for loan Collection code Home library Current library Shelving location Date acquired Full call number Barcode Date last seen Copy number Price effective from Koha item type Public note
        TBPHY Central Library and Information Centre Sibsagar Girls College Central Library and Information Centre Sibsagar Girls College PHYSICS BOOK RACK 06.06.1990 530 RES 12280 27.02.2020 1 27.02.2020 Books V
        TBPHY Central Library and Information Centre Sibsagar Girls College Central Library and Information Centre Sibsagar Girls College PHYSICS BOOK RACK 06.06.1990 530 RES 12281 27.02.2020 2 27.02.2020 Books V


Sibsagar Girl's College © 2020. All rights reserved.
Powered by Koha.
Maintained by Abhijit Borpuzari.